Normal view
MARC view
Entry Topical Term
001 - CONTROL NUMBER
- control field: 52270
003 - CONTROL NUMBER IDENTIFIER
- control field: ARRUPE
005 - DATE AND TIME OF LATEST TRANSACTION
- control field: 20230329122040.0
008 - FIXED-LENGTH DATA ELEMENTS
- fixed length control field: 230329|| aca||aabn | a|a d
040 ## - CATALOGING SOURCE
- Original cataloging agency: ARRUPE
- Transcribing agency: ARRUPE
150 ## - HEADING--TOPICAL TERM
- Topical term or geographic name as entry element: Dew,John
- Chronological subdivision: 1859-1952
670 ## - SOURCE DATA FOUND
- Source citation: Work cat.: (ARRUPE)131715: Fesmire,Steven 52269, Dewey,, 2014.